000
00214nam a2200085Ia 4500
008
120527s9999 xx 000 0 und d
100
_a
Dehart, et al
245
_a
Child development: its nature and course
942
_c
BK
999
_c
27380
_d
27380